Flagi państw pod władzą Habsburgów - Statystyki

Ogólne statystyki
  • Ten quiz został rozwiązany 22 razy
  • Średni wynik to 9 z 19
Statystyki odpowiedzi
Obrazkowy Odpowiedź % Poprawnych
Arcyksięstwo Austrii
100%
Imperium Hiszpańskie/Hiszpania Habsburgów
86%
Królestwo Anglii
86%
Królestwo Węgier
86%
Drugie Cesarstwo Meksyku
76%
Królestwo Portugalii
76%
Królestwo Chorwacji
67%
Królestwo Kastylii-León
62%
Królestwo Czech
57%
Święte Cesarstwo Rzymskie
57%
Królestwo Aragonii
52%
Królestwo Sycylii
29%
Cesarstwo Austriackie
19%
Księstwo Transylwanii
19%
Hrabstwo Burgundii
14%
Królestwo Irlandii
14%
Królestwo Neapolu
14%
Księstwo Brabancji
14%
Królestwo Dalmacji
0%
Nie znaleziono quizów pasujących do podanych kryteriów
Rozkład punktacji
Procent ludzi z każdym wynikiem
Percentyl według liczby udzielonych odpowiedzi
Twoja historia wyników
Nie rozwiązałeś tego quizu